World reference base for soil resources 2006: a framework for international classification, correaltion and communication
Salvato in:
| Natura: | Libro |
|---|---|
| Lingua: | inglese |
| Pubblicazione: |
Roma
Food and Agriculture Organization of the United Nations
2006
|
| Serie: | World Soil Resources Reports, 103
|
| Soggetti: | |
| Tags: |
Aggiungi Tag
Nessun Tag, puoi essere il primo ad aggiungerne!!
|
MARC
| LEADER | 00000nam a2200000 a 4500 | ||
|---|---|---|---|
| 001 | UCG7338 | ||
| 003 | CL-VaPUC | ||
| 008 | 110727e20060000IT |||||||||||||||||eng|d | ||
| 020 | |a 9251055114 | ||
| 082 | 0 | 4 | |a 631.44 |b WOR |2 21 |
| 245 | 1 | 0 | |a World reference base for soil resources 2006: a framework for international classification, correaltion and communication |
| 300 | |a 128 p | ||
| 942 | |c BK | ||
| 945 | |d 20110727 00:00:00 |a dcastane | ||
| 260 | |a Roma |b Food and Agriculture Organization of the United Nations |c 2006 | ||
| 650 | 7 | |a CLASIFICACION DE SUELOS |2 CL-VaPUC |9 558045 | |
| 650 | 7 | |a TAXONOMIA DE SUELOS |2 CL-VaPUC |9 465497 | |
| 650 | 0 | |a Suelos |9 260322 | |
| 583 | |a last modification |c 20110727 00:00:00 |k Rodrigo Vera | ||
| 490 | 0 | |a World Soil Resources Reports, 103 | |
| 999 | |c 345364 |d 345362 | ||
| 952 | |0 0 |1 0 |4 0 |6 631_440000000000000_WOR_2006 |7 0 |8 A |9 444003 |a BIBAGR |b BIBAGR |d 2019-11-22 |i 4787765 |o 631.44 WOR 2006 |p 4787765 |r 2025-01-20 |w 2019-11-22 |y BK |k AGR | ||